000 00688nam a2200265Ia 4500
001 34610
005 20240114001738.0
007 ta
008 070226s1992 g b000 u asm u
040 _aCotton College,Assam
041 _aasm
082 _a891.41108
_bMa 277 Ba
100 _aMahanta, Bap Chandra .
245 0 _aBargeet /
_cBap Chandra Mahanta.
_hTextual Documents
250 _a1st ed. /
260 _aGuwahati :
_bStudents Stores ,
_c1992.
300 _a245p. ;
_c22cm.
653 _aAssamese Poetry-Collections
653 _aG-Assamese
653 _aPG-Assamese
942 _2ddc
_cBK
999 _c34592
_d34592